000 00543nam a2200205 i 4500
001 bg
100 1 _aBUŁHAK, Leonid
245 1 0 _aDOS 5.00 od środka :
_btechniczny opis systemu operacyjnego MS.DOS /
_cL. Bułhak, R. Gorczyński, M. Tuszyński.
260 _aWarszawa,
_c1992.
490 1 _abestHELP
650 9 _aDOS
700 1 _aGORCZYŃSKI, Ryszard
700 1 _aTUSZYŃSKI, Michał
830 _abestHELP
040 _cBPK
041 _apol
080 _a004.485
942 _cKS
008 s pl f |000 0 pol
999 _c10320
_d10320
856 _uhttp://koha.tu.koszalin.pl/cgi-bin/koha/opac-detail.pl?biblionumber=10320
_yKatalog online BPK